Theological wordbook of the Old Testament / (Record no. 2947)
[ view plain ]
| 000 -LEADER | |
|---|---|
| fixed length control field | 00609nam a2200169 4500 |
| 008 - FIXED-LENGTH DATA ELEMENTS--GENERAL INFORMATION | |
| fixed length control field | 010815s1980 us engYA |
| 020 ## - INTERNATIONAL STANDARD BOOK NUMBER | |
| International Standard Book Number | 0802486312 |
| 090 ## - LOCALLY ASSIGNED LC-TYPE CALL NUMBER (OCLC); LOCAL CALL NUMBER (OCLC) | |
| Classification number (OCLC) (R) ; Classification number, CALL (RLIN) (NR) | BS440 |
| Local cutter number (OCLC) ; Book number/undivided call number, CALL (RLIN) | T34h |
| 100 1# - MAIN ENTRY--PERSONAL NAME | |
| Personal name | Laird, Harris Robert |
| 245 10 - TITLE STATEMENT | |
| Title | Theological wordbook of the Old Testament / |
| Statement of responsibility, etc | edited by Harris Robert Laird, Gleason Leonard Archer, Bruce Waltke. |
| 260 ## - PUBLICATION, DISTRIBUTION, ETC. (IMPRINT) | |
| Place of publication, distribution, etc | Chicago : |
| Name of publisher, distributor, etc | Moody Press, |
| Date of publication, distribution, etc | c1980. |
| 300 ## - PHYSICAL DESCRIPTION | |
| Extent | 2 volumes. |
| 505 0# - FORMATTED CONTENTS NOTE | |
| Formatted contents note | vol. I-Aleph to Mein; vol. II:Nun to Taw, Index. |
| 700 1# - ADDED ENTRY--PERSONAL NAME | |
| Personal name | Archer, Gleason Leonard |
| 700 1# - ADDED ENTRY--PERSONAL NAME | |
| Personal name | Waltke, Bruce |
| 951 ## - EQUIVALENCE OR CROSS-REFERENCE-GEOGRAPHIC NAME/AREA NAME [OBSOLETE] [CAN/MARC only] | |
| -- | 6610 |
| -- | BS440/T34h-I-2 |
| -- | 070613110945718 |
| -- | 2000-12-21 |
| -- | REF |
| Withdrawn status | Lost status | Damaged status | Not for loan | Home library | Current library | Shelving location | Date acquired | Accession number | Shelving control number | Total Checkouts | Full call number | Date last seen | Price effective from | Koha item type |
|---|---|---|---|---|---|---|---|---|---|---|---|---|---|---|
| BSOP Library | BSOP Library | Reference | 12/21/2000 | 6610 | 127 | BS440/T34h-I-2 | 02/23/2013 | 02/23/2013 | Books |
